Normal view
MARC view
- 1.Family.2.Marriage.3.Social change
Entry Topical Term
001 - CONTROL NUMBER
- control field: 113593
003 - CONTROL NUMBER IDENTIFIER
- control field: NUST
005 - DATE AND TIME OF LATEST TRANSACTION
- control field: 20230712163304.0
008 - FIXED-LENGTH DATA ELEMENTS
- fixed length control field: 230712|| aca||aabn | a|a d
040 ## - CATALOGING SOURCE
- Original cataloging agency: NUST
- Transcribing agency: NUST
150 ## - HEADING--TOPICAL TERM
- Topical term or geographic name entry element: 1.Family.2.Marriage.3.Social change
670 ## - SOURCE DATA FOUND
- Source citation: Work cat.: (NUST)7058: Goode, William Josiah. 88808, The Family, 1982.
